000
00270nam a22001097a 4500
008
230620b xxu||||| |||| 00| 0 eng d
082
_a
321.
_b
LIN 1988
245
_a
Privatization
_b
Toward More Effective Government
260
_c
1988
300
_a
XV,278p
942
_2
ddc
_c
BK
999
_c
1858
_d
1858